Economics: principles, problems and policies / (Record no. 9672)
[ view plain ]
| 000 -LEADER | |
|---|---|
| fixed length control field | 01087nam a22002057a 4500 |
| 005 - DATE AND TIME OF LATEST TRANSACTION | |
| control field | 20230614102255.0 |
| 008 - FIXED-LENGTH DATA ELEMENTS--GENERAL INFORMATION | |
| fixed length control field | 230614b ||||| |||| 00| 0 eng d |
| 020 ## - INTERNATIONAL STANDARD BOOK NUMBER | |
| International Standard Book Number | 9780070091917 |
| 050 ## - LIBRARY OF CONGRESS CALL NUMBER | |
| Classification number | HB171.5.M47(18e) |
| 100 ## - MAIN ENTRY--PERSONAL NAME | |
| 9 (RLIN) | McConnell, Campbell. |
| 245 ## - TITLE STATEMENT | |
| Title | Economics: principles, problems and policies / |
| Statement of responsibility, etc. | Campbell McConnell ... [et al.] |
| 250 ## - EDITION STATEMENT | |
| Edition statement | 18th ed. |
| 260 ## - PUBLICATION, DISTRIBUTION, ETC. | |
| Place of publication, distribution, etc. | New York : |
| Name of publisher, distributor, etc. | McGraw-Hill/ Irwin, |
| Date of publication, distribution, etc. | 2009. |
| 300 ## - PHYSICAL DESCRIPTION | |
| Extent | xxxi, 786 p. : |
| Other physical details | col. ill. ; |
| Dimensions | 26 cm. |
| 500 ## - GENERAL NOTE | |
| General note | Include index. |
| 505 ## - FORMATTED CONTENTS NOTE | |
| Formatted contents note | Contents: Part One: Introduction to economics and the economy -- Part Two: Microeconomics of product markets -- Part Three: Microeconomics of resources markets -- Part Four: Microeconomics of government -- Part Five: Microeconomics of issues and policies -- Part Six: GDP, growth, and instability -- Part Seven: Macroeconomics models and fiscal policy -- Part Eight: Money, banking, and monetary policy -- Part nine: Extensions and issues -- Part Ten: International economics. |
| 700 ## - ADDED ENTRY--PERSONAL NAME | |
| Personal name | Bruce, Stanley. |
| 9 (RLIN) | 1623 |
| 700 ## - ADDED ENTRY--PERSONAL NAME | |
| Personal name | Flynn, Sean M. |
| 9 (RLIN) | 1624 |
| 942 ## - ADDED ENTRY ELEMENTS (KOHA) | |
| Source of classification or shelving scheme | Library of Congress Classification |
| Koha item type | Books |
| Withdrawn status | Lost status | Source of classification or shelving scheme | Damaged status | Not for loan | Home library | Current library | Shelving location | Date acquired | Total Checkouts | Full call number | Barcode | Date last seen | Copy number | Price effective from | Koha item type |
|---|---|---|---|---|---|---|---|---|---|---|---|---|---|---|---|
| Library of Congress Classification | WISCONSIN INTERNATIONAL UNIVERSITY COLLEGE, GHANA - MAIN LIBRARY | WISCONSIN INTERNATIONAL UNIVERSITY COLLEGE, GHANA - MAIN LIBRARY | General Stacks | 14/06/2023 | HB171.M47(18e) | 9506/207/23 | 14/06/2023 | 1 | 14/06/2023 | Books | |||||
| Library of Congress Classification | WISCONSIN INTERNATIONAL UNIVERSITY COLLEGE, GHANA - MAIN LIBRARY | WISCONSIN INTERNATIONAL UNIVERSITY COLLEGE, GHANA - MAIN LIBRARY | General Stacks | 14/06/2023 | HB171.M471(18e) | 9507/208/23 | 14/06/2023 | 2 | 14/06/2023 | Books |
